<?xml version="1.0" encoding="UTF-8"?><?xml-stylesheet type="text/xsl" href="static/style.xsl"?><OAI-PMH xmlns="http://www.openarchives.org/OAI/2.0/" xmlns:xsi="http://www.w3.org/2001/XMLSchema-instance" xsi:schemaLocation="http://www.openarchives.org/OAI/2.0/ http://www.openarchives.org/OAI/2.0/OAI-PMH.xsd"><responseDate>2026-06-03T00:39:33Z</responseDate><request verb="GetRecord" identifier="oai:riuma.uma.es:10630/38438" metadataPrefix="marc">https://riuma.uma.es/rest/oai/request</request><GetRecord><record><header><identifier>oai:riuma.uma.es:10630/38438</identifier><datestamp>2026-02-03T11:18:38Z</datestamp><setSpec>com_10630_2254</setSpec><setSpec>col_10630_37953</setSpec></header><metadata><record xmlns="http://www.loc.gov/MARC21/slim" xmlns:dcterms="http://purl.org/dc/terms/" xmlns:doc="http://www.lyncode.com/xoai" xmlns:xsi="http://www.w3.org/2001/XMLSchema-instance" xsi:schemaLocation="http://www.loc.gov/MARC21/slim http://www.loc.gov/standards/marcxml/schema/MARC21slim.xsd">
   <leader>00925njm 22002777a 4500</leader>
   <datafield ind2=" " ind1=" " tag="042">
      <subfield code="a">dc</subfield>
   </datafield>
   <datafield ind2=" " ind1=" " tag="720">
      <subfield code="a">Ramos-Petersen, Laura</subfield>
      <subfield code="e">author</subfield>
   </datafield>
   <datafield ind2=" " ind1=" " tag="720">
      <subfield code="a">Nester, Christopher</subfield>
      <subfield code="e">author</subfield>
   </datafield>
   <datafield ind2=" " ind1=" " tag="720">
      <subfield code="a">Ortega-Ávila, Ana Belén</subfield>
      <subfield code="e">author</subfield>
   </datafield>
   <datafield ind2=" " ind1=" " tag="720">
      <subfield code="a">Skidmore, Sue</subfield>
      <subfield code="e">author</subfield>
   </datafield>
   <datafield ind2=" " ind1=" " tag="720">
      <subfield code="a">Gijón-Noguerón, Gabriel</subfield>
      <subfield code="e">author</subfield>
   </datafield>
   <datafield ind2=" " ind1=" " tag="260">
      <subfield code="c">2021-02-09</subfield>
   </datafield>
   <datafield ind2=" " ind1=" " tag="520">
      <subfield code="a">Foot pathology in people with rheumatoid arthritis (RA) can have a psychosocial impact, but interventions such as foot orthoses can reduce foot pain, improving physical activity and quality of life. A previous meta-analysis concluded that foot orthoses can relieve pain and disability and enhance patient's well-being. The aim of this study was to explore the experiences of people with RA, before and after wearing foot orthoses for 6 months. Data were collected through digital recordings of semi-structured interviews carried out before and after wearing foot orthoses for 6 months. A thematic analysis of the transcripts was used to identify themes. Six female participants with RA wore foot orthoses for 6 months in Spain. The mean disease duration was more than 10 years. The findings showed three key themes emerged from the data: (1) improvement in physical activity; (2) footwear… a tricky situation and (3) social implications of RA feet. It is concluded that patients reported that wearing foot orthoses can have a positive impact on physical activity and improve general wellness and quality of life. However, to achieve the potential positive benefits, people with RA also needed to wear suitable footwear (defined as footwear which accommodates both the foot and the insole while maintaining the fit and function of the shoe). Despite the positive impact of wearing orthoses, participants stated that complexities of finding suitable footwear acted as a blocker.</subfield>
   </datafield>
   <datafield ind1="8" ind2=" " tag="024">
      <subfield code="a">Ramos-Petersen L, Nester CJ, Ortega-Avila AB, Skidmore S, Gijon-Nogueron G. A qualitative study exploring the experiences and perceptions of patients with rheumatoid arthritis before and after wearing foot orthoses for 6 months. Health Soc Care Community. 2021 May;29(3):829-836. doi: 10.1111/hsc.13316. Epub 2021 Feb 9. PMID: 33560583.</subfield>
   </datafield>
   <datafield ind1="8" ind2=" " tag="024">
      <subfield code="a">https://hdl.handle.net/10630/38438</subfield>
   </datafield>
   <datafield ind1="8" ind2=" " tag="024">
      <subfield code="a">10.1111/hsc.13316</subfield>
   </datafield>
   <datafield tag="653" ind2=" " ind1=" ">
      <subfield code="a">Artritis reumatoide</subfield>
   </datafield>
   <datafield tag="653" ind2=" " ind1=" ">
      <subfield code="a">Pies</subfield>
   </datafield>
   <datafield tag="653" ind2=" " ind1=" ">
      <subfield code="a">Ortopedia</subfield>
   </datafield>
   <datafield ind2="0" ind1="0" tag="245">
      <subfield code="a">A qualitative study exploring the experiences and perceptions of patients with rheumatoid arthritis before and after wearing foot orthoses for 6 months.</subfield>
   </datafield>
</record>
</metadata></record></GetRecord></OAI-PMH>